000 00600nam a2200181Ia 4500
005 20250423094736.0
008 250422s9999 xx 000 0 und d
020 _a9781032148939
050 _aPN 1995.9 .A53 .B63/
100 _aBobrowska, Olga
245 0 _aChinese animated film and ideology, 1940s-1970s
260 _aBoca Raton
260 _bCRC Press
260 _c2023
300 _aix. 164p.:
650 _aMao, Zedong, 1893-1976--Philosophy. Animated films--China--History and criticism. Motion pictures in propaganda--China. Motion pictures--Political aspects--China.
942 _cBK
999 _c28158
_d28158